000 01312nam a22003497a 4500
003 CHAP
005 20250923090631.0
008 971013s1995 r 00010 d
010 _a43755
011 _a44727
035 _a48865
040 _cCHAP
090 _aTesis
100 1 0 _aPérez Sánchez, Martín
_990038
245 _aEstudio de factibilidad técnica económica para el establecimiento de un centro de acopio y beneficio de ajonjolí (Sesamum indicum L.) en Zicuirán, La Huacana, Michoacán
260 _aChapingo, Méx. :
_bEl autor,
_c1995
300 _a97 h.
_b; anexos
502 _aTesis (Ing. Agroindustrial) -- UACH. Departamento de Ingenieria Agroindustrial
590 _aALEPH
_b10
_c20130110
_lUCH01
_h1312
590 _aBATCH-UPD
_b10
_c20130110
_lUCH01
_h1304
590 _aBATCH-UPD
_b10
_c20130410
_lUCH01
_h0821
590 _aBATCH-UPD
_b10
_c20130913
_lUCH01
_h2334
590 _aCONVERSION
_b10
_c20130109
_lUCH01
_h1324
650 1 4 _aAjonjolí
_xAspectos economicos
_xMichoacan.
_93225
650 1 4 _aAjonjolí
_xMercadeo.
_93244
650 1 4 _aAjonjolí
_xMichoacan.
_93245
700 1 _aRamírez Román, María Guadalupe
_994246
901 _aBK
942 _cFOLL
949 _bBC
_cTES
_d-110448
_eTS1
_h28052
_i48865
_si
949 _bBC
_cTES
_d33724000004404
_eTS2
_fc.2
_h28053
_i48865
_si
999 _c43755
_d43755